MDQL
is popping MORE tags! Check the
thread
!
Quizzes
Events
Quiz Creation
Community
Videos
Private Events
Remove Ads
Sign In
Join for FREE
Feedback
Dark Mode
Quiz Categories
Sports
Geography
Music
Movies
Television
Just For Fun
Miscellaneous
History
Literature
Language
Science
Gaming
Entertainment
Religion
Holiday
For Kids
Quiz Lab
Recent
Popular Today
Quiz Kudos Today
Editor Picks
Curator Picks
Quizzes by...
Day
Popularity
Type
Ratings
Length
Year
Community
Subscriptions
Recent Discussions
Orange Saloon
Badges
Playlists
Quests
Create
Leaderboards
Showdown
Live 5
Trivia Bingo
Activity
Puzzle Library
Sporcle Events
Private Events
Virtual Trivia
Globe League
Become a Host
Pub Owners
SporcleCon
Opinionation
Our Games
Videos
Blog
Mobile Apps
Partnerships
Remove Ads and Go Orange
Feedback
Sports
Athletes
MLB
NBA
NHL
NFL
Soccer
Sports Teams
WWE
NCAA
Football
Premier League
Basketball
Baseball
Hockey
Golf
Tennis
Cricket
Rugby
Auto Racing
Olympics
World Cup
Sports
Athletes
MLB
NBA
NHL
NFL
Soccer
Sports Teams
WWE
NCAA
Football
Premier League
Basketball
Baseball
Hockey
Golf
Tennis
Cricket
Rugby
Auto Racing
Olympics
World Cup
Random Quiz
Search Sporcle
×
Quiz Lab
Quiz Lab
Sports
Tennis
Type in answers that appear in a list
Type in answers that appear in a list
Classic
Best Score? Go Orange.
(Tennis) Beat Stan Wawrinka at Grand Slam Stats
Can you name the players to have eliminated Stanislas Wawrinka from a Grand Slam tournament in his career?
By
ebessankamen
8m
44 Questions
554 Plays
554 Plays
554 Plays
Comments
Comments
Give Quiz Kudos
Give Quiz Kudos
-
- Ratings
hide this ad
Replay
Link that replays current quiz
Next Quiz
Link to next quiz in quiz playlist
You Got
0%
They Got
Avg Score
74%
Avg Friend Score
Upgrade to see
Score Distribution
Jump to the score distribution portion of the page
Score
0/44
Timer
08:00
0
Plays Today
Slam
Player
% Correct
2017 Australian Open
Roger Federer
99.7%
2010 French Open
Roger Federer
99.5%
2011 Australian Open
Roger Federer
99.5%
2011 French Open
Roger Federer
99.5%
2014 Wimbledon
Roger Federer
99.5%
2012 US Open
Novak Djokovic
99.5%
2015 US Open
Roger Federer
99.3%
2013 Australian Open
Novak Djokovic
99.3%
2013 US Open
Novak Djokovic
99.3%
2015 Australian Open
Novak Djokovic
99.3%
2007 Australian Open
Rafael Nadal
98.9%
2013 French Open
Rafael Nadal
98.9%
2009 Wimbledon
Andy Murray
97.3%
2008 US Open
Andy Murray
97.3%
2016 Wimbledon
Juan Martin del Potro
95.9%
2014 US Open
Kei Nishikori
94.9%
2016 Australian Open
Milos Raonic
93.6%
2012 French Open
Jo-Wilfried Tsonga
93.3%
2015 Wimbledon
Richard Gasquet
92.6%
2010 Australian Open
Marin Čilić
90.3%
2009 Australian Open
Tomáš Berdych
87.5%
2013 Wimbledon
Lleyton Hewitt
84.3%
Slam
Player
% Correct
2008 French Open
Fernando González
82.7%
2006 Australian Open
David Nalbandian
82.1%
2006 French Open
David Nalbandian
82.1%
2009 French Open
Nikolay Davydenko
81.8%
2012 Wimbledon
Jürgen Melzer
79.4%
2008 Wimbledon
Marat Safin
78.5%
2010 US Open
Mikhail Youzhny
72%
2006 Wimbledon
Mario Ančić
71.5%
2007 French Open
Ivan Ljubičić
69.3%
2012 Australian Open
Nicolás Almagro
68.2%
2010 Wimbledon
Denis Istomin
67%
2006 US Open
Tommy Robredo
60.8%
2005 US Open
Nicolás Massú
53.1%
2009 US Open
Nicolás Lapentti
50.7%
2007 US Open
Juan Ignacio Chela
50.2%
2007 Wimbledon
Michaël Llodra
42.6%
2014 French Open
Guillermo García-López
40.6%
2011 Wimbledon
Simone Bolelli
39.9%
2005 Wimbledon
Fabrice Santoro
38.1%
2011 US Open
Donald Young
36.6%
2005 French Open
Mariano Puerta
35.4%
2008 Australian Open
Marc Gicquel
12.3%
Quiz Playlist
Details
Report
Send in Message
Add To Playlist
Classic:
Type in answers that appear in a list
Last Updated: May 5, 2017
Quiz Scoreboard
CHALLENGE
Sign Up to Join the Scoreboard
Show All
Scores
Hide
Comments
May contain spoilers
Recently Published
1-10 Letter E Words III
by El_Dandy
Language
2m
Street Fighter Characters
by Artimus82
Gaming
60s
College Basketball Coaching Resumes
by pancakes188
Sports
9m
More to Explore
Quiz From the Vault
Featured Blog Post
Where Did the Easter Bunny Come From?
hide this ad
You Might Also Like...
Tags
Nation Quiz
Tennis Quiz
beat
Career
Eliminated
grand
Grand Slam
Player
slam
stan
Tournament
Today's Top Quizzes in Sports
Browse Sports
hide this ad
Today's Top Quizzes in Tennis
Browse Tennis
Top Contributed Quizzes in Sports
1
2022 World Cup Stars
2
Les meilleurs buteurs des matchs entre le PSG et l’OM
3
FIFA Club World Cup Champions
4
Les entraîneurs de l'OM et du PSG au 21e siècle
5
Criteria MLB: Left Handed Sluggers
6
2023 MLB Unique Player Accomplishments
7
AFC Teams Reveal (Wrong Answers Minefield)
8
Players with Multiple 50 Home Run Seasons
9
5-to-1: FBS Animal Nicknames
10
5-to-1: UK Sports Teams
Explore More
Trending Topics
Marvel
Anime
NBA
Disney
Harry Potter
Kpop
Crossword
Country
Soccer
Pokémon
NFL
Puzzle
The Office
WWE
Song
hide this ad
More By:
ebessankamen
Quiz
Plays
Rating
Category
Featured
Created
Colorado Rockies 25+ HRs Single Season
15,184
4.52
Sports
Feb 28, 2010
Home Run Leader By Year of Birth
13,566
4.48
Sports
Jan 7, 2010
Sub-3.00 ERA Pitchers of the 2000s
11,994
4.55
Sports
Dec 19, 2009
Cycling Quotient Year-End Top Ten Rankings
9,746
4.81
Sports
Jun 12, 2012
Top 25 in Home Runs: '01-'10
8,895
4.29
Sports
Oct 14, 2010
Go to Creator's Profile
Score Distribution
Quiz Creator Spotlight
ebessankamen
Follow
Send a Message
Quizzes Created
-
Created Quiz Play Count
-
More By This Creator
Popular Quizzes Today
1
Find the US States - No Outlines Minefield
2
Find the Countries of Europe - No Outlines Minefield
3
The Countries of the World
4
Find the US States
5
Risky Map Clicking: Biggest States A-Z
6
US States
7
Popular People in 1961
8
Movies - When Are They Set?
More Sports Quizzes
England Euro 2020 (2021) Player Names
Quiz Lab
Trending Quizzes
Risky Map Clicking: Least Populous States A-Z
1-10 Letter G Words
USA Borders Longest to Shortest
1-10 Letter F Words
Countries of the World: 200 Million BC
Recently Updated
Leaping Animals
pecheneg
Reality TV Shows (A-Z)
bhenderson79
Rickey Henderson's Hall of Fame Teammates
pecheneg
Champions League XIs: Arsenal
pecheneg
Quick Pick: Celebrities in WWE's Hall of Fame
aduchscher
A-Z Keypad Blitz II
pecheneg
Multiple Oscar Actors
pecheneg
Mystery Phrase Blitz: Oscar 'Best Actors'
pecheneg
F. Scott Fitzgerald Novels
LTH
Pick 3 Villains
ddd62291
Trending Topics
Harry Potter
Anime
NBA
Disney
Kpop
Crossword
Marvel
Puzzle
WWE
Soccer
Song
Country
Pokémon
The Office
NFL
Your Account Isn't Verified!
In order to create a playlist on Sporcle, you need to verify the email address you used during registration. Go to your
Sporcle Settings
to finish the process.
Report this User
Report this user for behavior that violates our
Community Guidelines
.
Details:
Send Report
Go to the Sporcle.com Mobile Site →
Comments